|
|
|
|
| LEADER |
00594cam a2200193 7i4500 |
| 001 |
0000033330 |
| 005 |
20160323090000.0 |
| 020 |
0 |
0 |
|a 9789671383209
|
| 090 |
0 |
0 |
|a B 382.609595
|b TEO
|
| 100 |
1 |
0 |
|a TEO
|
| 245 |
1 |
0 |
|a Exporting and international trade.
|
| 250 |
0 |
0 |
|a Special edition.
|
| 260 |
0 |
0 |
|a Kuala Lumpur:
|b Export-Import Bank of Malaysia Berhad,
|c 2016.
|
| 300 |
# |
# |
|a 206 pages.
|
| 650 |
0 |
0 |
|a Business
|
| 650 |
0 |
0 |
|a International trade
|
| 650 |
0 |
0 |
|a Exports --
|z Malaysia
|
| 999 |
|
|
|a 0000037349
|b Book
|c Book
|e Business Information Centre
|
| 999 |
|
|
|a 0000037346
|b Book
|c Book
|e Business Information Centre
|